Descubriendo los Andes, de la mano con los campesinos (Record no. 23330)

000 -CABECERA
fixed length control field 00660nam a22001697i 4500
003 - IDENTIFICADOR DEL NÚMERO DE CONTROL
control field AR-CdUCM
008 - DATOS DE LONGITUD FIJA--INFORMACIÓN GENERAL
fixed length control field 250722b20122012 pe||||| |||| 00| 0 spa d
040 ## - FUENTE DE LA CATALOGACIÓN
Agencia/entidad que catalogó originalmente la obra MUNICIPALIDAD PROVINCIAL DEL CUSCO
Entidad que transcribió la catalogación BIBLIOTECA MUNICIPAL DEL CUSCO
082 ## - NÚMERO DE LA CLASIFICACIÓN DECIMAL DEWEY
No. de Clasificación 918.5 / D3
Notacion interna D3
110 ## - ENTRADA PRINCIPAL--NOMBRE DE ENTIDAD CORPORATIVA
Nombre de la institución, jurisdicción como entrada principal Centro de Estudios Regionales Andinos Bartolomé de las Casas CBC
9 (RLIN) 34840
245 ## - MENCIÓN DE TÍTULO
Título Descubriendo los Andes, de la mano con los campesinos
300 ## - DESCRIPCIÓN FÍSICA
Nº de Páginas Extensión 54 páginas. :
Otros detalles físicos Ilustraciones
Dimensiones 27x21 cm.
505 ## - NOTA DE CONTENIDO CON FORMATO
Nota de contenido formateada Viaja diferente -- Alójate diferente -- Compra diferente -- ¿Quieres saber mas de la cultura andina?
942 ## - ELEMENTOS DE PUNTO DE ACCESO ADICIONAL (KOHA)
Fuente de clasificación
Tipo de item Libros-BMC
945 ## - PROCESAMIENTO DE INFORMACIÓN LOCAL (OCLC)
Catalogador pbjr
AAAA-MM-DD - Fecha de ingreso o modificacion 22-07-2025
Holdings
Estado de retiro (separado) Fuente de clasificación o esquema de estanterías Estado dañado Ubicación Sala donde se ubica Nombre de la colección Fecha de adquisición o compra Fuente de adquisición Costo, precio normal en soles Signatura topográfica Código de Barras Última vez visto (Koha) Tipo de ítem (Koha)
No     Sala Humanidades Sala Humanidades Book Cart 2025-07-22 Donación 10.00 918.5 / D3 SH0000016940 2025-07-22 Libros-BMC

Powered by Koha